Southville International School and Colleges
Your cart is empty.
  • Cart
  • Lists
    Public lists Eva Luna New books Lux_list list_1
    Your lists Log in to create your own lists
  • Log in to your account
  • Your cookies
  • Search history
Southville International School and Colleges
  • Advanced search
  • Recent comments
  • Most popular
  • Libraries

Log in to your account

Log in with GOOGLE


If you do not have an external account, but do have a local account, you can still log in:

  1. Home
  2. MARC view: Walt Whitman :
Normal view MARC view ISBD view

Walt Whitman : (Record no. 34108)

[ view plain ]
MARC details
000 -LEADER
fixed length control field 01810cam a2200433 a 4500
001 - CONTROL NUMBER
control field 13338428
003 - CONTROL NUMBER IDENTIFIER
control field OSt
005 - DATE AND TIME OF LATEST TRANSACTION
control field 20140310184411.0
008 - FIXED-LENGTH DATA ELEMENTS--GENERAL INFORMATION
fixed length control field 030910s2004 nyua c 000 0beng
010 ## - LIBRARY OF CONGRESS CONTROL NUMBER
LC control number 2003020085
020 ## - INTERNATIONAL STANDARD BOOK NUMBER
International Standard Book Number 9780439738910
040 ## - CATALOGING SOURCE
Original cataloging agency DLC
Transcribing agency DLC
Modifying agency DLC
042 ## - AUTHENTICATION CODE
Authentication code lcac
043 ## - GEOGRAPHIC AREA CODE
Geographic area code n-us---
050 00 - LIBRARY OF CONGRESS CALL NUMBER
Classification number PS 3232
Item number .K47 2005
100 1# - MAIN ENTRY--PERSONAL NAME
Personal name Kerley, Barbara.
9 (RLIN) 26188
245 10 - TITLE STATEMENT
Title Walt Whitman :
Remainder of title words for America /
Statement of responsibility, etc by Barbara Kerley ; illustrated by Brian Selznick.
250 ## - EDITION STATEMENT
Edition statement 1st ed.
260 ## - PUBLICATION, DISTRIBUTION, ETC. (IMPRINT)
Place of publication, distribution, etc New York :
Name of publisher, distributor, etc Scholastic Press,
Date of publication, distribution, etc 2005
300 ## - PHYSICAL DESCRIPTION
Other physical details col. ill. ;
Dimensions 31 cm.
520 ## - SUMMARY, ETC.
Summary, etc A biography of the American poet whose compassion led him to nurse soldiers during the Civil War, to give voice to the nation's grief at Lincoln's assassination, and to capture the true American spirit in verse.
521 ## - TARGET AUDIENCE NOTE
Target audience note
526 ## - STUDY PROGRAM INFORMATION NOTE
Reading level 970
562 ## - COPY AND VERSION IDENTIFICATION NOTE
Number of copies 1
600 10 - SUBJECT ADDED ENTRY--PERSONAL NAME
Personal name Whitman, Walt,
Dates associated with a name 1819-1892
Form subdivision Juvenile literature.
9 (RLIN) 26189
600 11 - SUBJECT ADDED ENTRY--PERSONAL NAME
Personal name Whitman, Walt,
Dates associated with a name 1819-1892.
9 (RLIN) 26190
650 #0 - SUBJECT ADDED ENTRY--TOPICAL TERM
Topical term or geographic name as entry element Poets, American
Chronological subdivision 19th century
Form subdivision Biography
-- Juvenile literature.
9 (RLIN) 26191
650 #0 - SUBJECT ADDED ENTRY--TOPICAL TERM
Topical term or geographic name as entry element Nurses
Geographic subdivision United States
Form subdivision Biography
-- Juvenile literature.
9 (RLIN) 26192
650 #1 - SUBJECT ADDED ENTRY--TOPICAL TERM
Topical term or geographic name as entry element Poets, American.
9 (RLIN) 26193
650 #1 - SUBJECT ADDED ENTRY--TOPICAL TERM
Topical term or geographic name as entry element Nurses.
9 (RLIN) 26194
651 #0 - SUBJECT ADDED ENTRY--GEOGRAPHIC NAME
Geographic name United States
General subdivision History
Chronological subdivision Civil War, 1861-1865
General subdivision Medical care
Form subdivision Juvenile literature.
9 (RLIN) 26195
651 #1 - SUBJECT ADDED ENTRY--GEOGRAPHIC NAME
Geographic name United States
General subdivision History
Chronological subdivision Civil War, 1861-1865.
9 (RLIN) 26196
700 1# - ADDED ENTRY--PERSONAL NAME
Personal name Selznick, Brian,
Relator term ill.
9 (RLIN) 26197
856 42 - ELECTRONIC LOCATION AND ACCESS
Materials specified Publisher description
Uniform Resource Identifier <a href="http://www.loc.gov/catdir/description/schol051/2003020085.html">http://www.loc.gov/catdir/description/schol051/2003020085.html</a>
906 ## - LOCAL DATA ELEMENT F, LDF (RLIN)
a 7
b cbc
c orignew
d 1
e ecip
f 20
g y-gencatlg
942 ## - ADDED ENTRY ELEMENTS (KOHA)
Source of classification or shelving scheme Library of Congress Classification
Koha item type
Holdings
Withdrawn status Lost status Source of classification or shelving scheme Damaged status Home library Current library Shelving location Date acquired Total Checkouts Full call number Barcode Date last seen Copy number Price effective from Koha item type
    Library of Congress Classification   Luxembourg Library Luxembourg Library Scholastic Reading Center Section 10/08/2013   PS 3232 .K47 2005 LEX0799 04/18/2017 1 10/08/2013 Books

Walt Whitman :

APA

Kerley B., Selznick B., . (2005). Walt Whitman. New York: Scholastic Press.

Chicago

Kerley Barbara, Selznick Brian, . 2005. Walt Whitman. New York: Scholastic Press.

Harvard

Kerley B., Selznick B., . (2005). Walt Whitman. New York: Scholastic Press.

MLA

Kerley Barbara, Selznick Brian, . Walt Whitman. New York: Scholastic Press. 2005.

  • Place hold
  • Print
  • Cite
  • Add to your cart (remove)
  • Save record
    BIBTEX Dublin Core MARCXML MARC (non-Unicode/MARC-8) MARC (Unicode/UTF-8) MARC (Unicode/UTF-8, Standard) MODS (XML) RIS
  • More searches
    Search for this title in:
    Other Libraries (WorldCat) Other Databases (Google Scholar) Online Stores (Bookfinder.com) Open Library (openlibrary.org)

Exporting to Dublin Core...

SOUTHVILLE LIBRARY

Southville International School and Colleges Library

1281 Tropical Ave. Cor. Luxembourg St., BF Homes International, Las Pinas City

Tel. No. 8256374 / 252358 Loc. 117/146

Powered by Koha